Регионална библиотека "Любен Каравелов" - Русе

Психология на проклятието (Запис номер 342711)

MARC детайли
000 -Лидер
Контролно поле с фиксирана дължина 01063nam a2200277 c 4500
003 - Код на организацията, давaща контролен номер
Контролно поле BLK
005 - Дата и час на последна редакция
Контролно поле 20191010143617.0
008 - Елементи от данни с фиксирана дължина
fixed length control field 180911b bul|||||r ||||||| ||bul||
010 ## - Наследен системен номер
LC control number 002365
040 ## - Източник на каталожния запис
Идентификатор на билиотеката - собственик на записа BLK
041 ## - Код за език
Код за езика на текст/звукозапис или на отделно заглавие Български
Код за езика КДБФ Български
080 ## - УДК
УДК - код + определител 393(497.2)
100 1# - Редна дума - Автор
Автор СТАНЧЕВА-АНДРЕЕВА, Райна
Авторска отговорност първи автор
R(LIN) 400210
245 00 - Сведения за заглавието
Заглавие Психология на проклятието
260 ## - Област на издателските данни
Място на издаване, разпространение и проч. София
Година на издаване б.г
300 ## - Физическа характеристика
Страници 11 с
Размери/Мащаб 23 см
380 ## - Жанр
Жанр Естествени науки. Математика
490 ## - СЕРИИ (Колекции)
Име на серия Частна колекция - Академик Михаил Арнаудов
Бележки за серията Дарение - Основен фонд
500 ## - Общи забележки
Забележка Пощенски адрес : "г-н проф. Михаил Арнаудов - Университета - София" и две пощенски марки;
520 ## - Забележка за наличие на резюме, анотация и т.н
Анотация, рецензия, сканиран текст Михаил Арнаудов: на други лица-книга
650 ## - Допълнително описание по предмет – тема
Основно описание – тема или топоним Обичаи
9 (RLIN) 164387
655 ## - Ключова дума – жанр/разновидност
Данни за жанр/разновидност или ключова дума за фокус българска етнология
700 1# - Други автори (авторска отговорност)
Лично име Райна Станчева-Андреева
9 (RLIN) 400211
852 ## - Местоположение
Форматна сигнатура МА 4088
999 ## - СИСТЕМНИ КОНТРОЛНИ НОМЕРА
Koha biblionumber 342711
Koha biblioitemnumber 342711
942 ## - АРТИКУЛИ
Вид на библиотечния материал Книги
Скрит в OPAC Не
Периодичен библиозапис Да
944 ## - СЪЗДАВАНЕ И РЕДАКЦИЯ на ЗАПИСА
Създаване/Редакция Създаване
Дата на регистрацията/редакция 1994
999 ## - СИСТЕМНИ КОНТРОЛНИ НОМЕРА
Koha biblioitemnumber 342711
Наличности
Код за отписване Код за изгубен артикул Източник на класификационната схема Код за повреда Коз за рестрикции Код за отдаване Артикулен № Име на библиотеката - собственик Име на библиотеката, в която се намира в момента Статус (Текущо местоположение) Местоположение - отдел Цена в лева Номерация (Хронология) Инвентарен номер Систематично азбучна сигнатура Баркод Номер на екземпляра Цена в евро Служебен тип на артикула Бележка за публиката
  Не е изгубен Universal Decimal Classification Не е повреден без рестрикции Специални фондове ( старопечатни, редки и ценни, фонд М. Арнаудов) 742835 Регионална библиотека "Любен Каравелов" Русе Регионална библиотека "Любен Каравелов" Русе Фонд "Михаил Арнаудов" Фонд "Михаил Арнаудов" 1.00   591183 МА 4088 120000591183 1 0.51 Книги ;
Vip Innovations Ltd, Rousse, Bulgaria 2025